Recebimiento que hizo la muy noble y muy leal ciudad de Seuilla, a la C. R. M. del Rey D. Philipe ... con una breue descripcion de la ciudad y su tierra / (Record no. 158548)

MARC details
000 -LEADER
campo de control de longitud fija 01083nam a22002535i 4500
001 - NÚMERO DE CONTROL
campo de control 158548
003 - IDENTIFICADOR DE NÚMERO DE CONTROL
campo de control ES-MaACL
005 - FECHA Y HORA DE LA ÚLTIMA TRANSACCIÓN
campo de control 20250821111657.0
008 - DATOS DE LONGITUD FIJA--INFORMACIÓN GENERAL
campo de control de longitud fija 990917s1878 sp |||| | spa d
040 ## - FUENTE DE CATALOGACIÓN
Centro catalogador/agencia de origen CCPB | B
Lengua de catalogación spa
Centro/agencia transcriptor CCPB | B
080 ## - NÚMERO DE LA CLASIFICACIÓN DECIMAL UNIVERSAL
Número de la Clasificación Decimal Universal 929 Felipe (460) II
080 ## - NÚMERO DE LA CLASIFICACIÓN DECIMAL UNIVERSAL
Número de la Clasificación Decimal Universal 946.035.3 S."15"
100 1# - ENTRADA PRINCIPAL--NOMBRE DE PERSONA
Nombre de persona Mal Lara, Juan de,
Fechas asociadas al nombre 1524-1571
9 (RLIN) 159232
245 10 - MENCIÓN DEL TÍTULO
Título Recebimiento que hizo la muy noble y muy leal ciudad de Seuilla, a la C. R. M. del Rey D. Philipe ... con una breue descripcion de la ciudad y su tierra /
Mención de responsabilidad, etc. compuesto por Iuan de Mal Lara.
260 ## - PUBLICACIÓN, DISTRIBUCIÓN, ETC.
Lugar de publicación, distribución, etc. Sevilla :
Nombre del editor, distribuidor, etc. Juan Moyano,
Fecha de publicación, distribución, etc. 1878.
300 ## - DESCRIPCIÓN FÍSICA
Extensión 181, [3] h., [2] h. de grab. ;
Dimensiones 17 cm.
490 1# - MENCIÓN DE SERIE
Mención de serie Sociedad de Bibliofilos Andaluces
595 ## -
-- Reproducción facsimil de la ed. de: Sevilla : en casa de Alonso Escriuano, 1570.
600 04 - PUNTO DE ACCESO ADICIONAL DE MATERIA--NOMBRE DE PERSONA
Nombre de persona Felipe
Numeración II,
Títulos y otros términos asociados al nombre Rey de España
9 (RLIN) 49175
651 #4 - PUNTO DE ACCESO ADICIONAL DE MATERIA--NOMBRE GEOGRÁFICO
Nombre geográfico Sevilla-
Subdivisión general Historia-
Subdivisión cronológica S.XVI.
9 (RLIN) 9392
830 0# - PUNTO DE ACCESO ADICIONAL DE SERIE-TÍTULO UNIFORME
Título uniforme Sociedad de Bibliofilos Andaluces
9 (RLIN) 188169
852 ## - LOCALIZACIÓN
Ubicación ES-MaACL
Número de control de estantería B-5531
Nota libre -- Enc. hol., conservando la cub. original
Holdings
Estatus retirado Estado de pérdida Estado de daño No para préstamo Colección Biblioteca de origen Biblioteca actual Ubicación en estantería Fecha de adquisición Fuente de adquisición Total de préstamos Signatura topográfica completa Código de barras Visto por última vez Precio de reemplazo Tipo de ítem Koha
        Libros del s. XIX Biblioteca del Ateneo de Madrid Biblioteca del Ateneo de Madrid Sala Pardo Bazán 17/01/2008     B-5531 1165947 23/02/2023 23/02/2023 Libro impreso antiguo